Guess The Conlang #1 - Statistics

General Stats
  • This quiz has been taken 59 times
  • The average score is 5 of 12
Answer Stats
Picture Answer % Correct
Toki Pona
93%
Esperanto
88%
Klingon
60%
Volapük
58%
Quenya
53%
Lojban
45%
Tuki Tiki
33%
Interlingua
30%
Ithkuil
30%
Masa Konpu
13%
Dothraki
8%
Na’vi
8%
No matching quizzes found
Score Distribution
Percent of People with Each Score
Percentile by Number Answered
Your Score History
You have not taken this quiz